Statistics for City Flags Quiz #2

Click here to take the quiz!

General Stats

  • This quiz has been taken 33 times
  • The average score is 13 of 20

Answer Stats

Answer% Correct
Singapore
100%
Macau
96%
Berlin
88%
New York
88%
Toronto
88%
Washington, D.C.
88%
Seoul
77%
Madrid
73%
Paris
73%
Edinburgh
62%
St Petersburg
58%
Cusco
54%
Osaka
54%
Birmingham
46%
Mexico City
46%
Wellington
46%
Podgorica
42%
Gaborone
35%
Buenos Aires
31%
Trondheim
23%

Score Distribution

Percentile by Number Answered

Percent of People with Each Score

Your Score History

You have not taken this quiz